{"text_format":"3","workbook":"xls","n_sheets":4,"sheets":["SINTÉTICO","CRONOGRAMA","SUBESTAÇÃO","Plan2"],"not_rendered":{"images":4,"external_links":1,"defined_names":3},"read":"whole","date_system":"1900","formulas":"cached_only"}

{"sheet":"SINTÉTICO","index":0,"n_rows":156,"n_cols":11,"rows_kept":156,"merged":[[0,0,0,6],[1,0,1,6],[2,0,2,6],[5,0,5,6],[7,0,7,6],[8,0,8,6],[9,0,9,6],[10,1,10,6],[11,0,12,1],[11,2,12,2],[11,3,12,3],[11,4,12,4],[11,5,12,5],[11,6,12,6],[147,0,147,4],[147,5,147,6],[148,0,148,4],[148,5,148,6],[149,0,149,4],[149,5,149,6],[151,0,151,6]],"flags":["formulas_cached_only"]}
[]
[]
["DATA BASE - Fortaleza/CE (SEINF JAN/14 E SEINFRA - 021 COM DESONARAÇÃO)"]
[]
[]
["ANEXO II"]
[]
["OBRA : REFORMA DE VIAS E PASSEIOS DA PRAIA DE IRACEMA"]
["CLIENTE : SECRETARIA REGIONAL  II"]
["LOCAL : PRAIA DE IRACEMA          BAIRRO: PRAIA DE IRACEMA"]
[null,"DATA: 12/02/2014"]
["ITEM",null,"DESCRIÇÃO","UN","QUANTIDADE","PREÇO UNITÁRIO","CUSTO PARCIAL"]
[]
["001","           GRUPO:       SERVIÇOS PRELIMINARES",null,"TOTAL GRUPO",null,"R$",{"v":124896.73,"d":"124,896.73"}]
["CÓDIGO","001               SUBGRUPO:       CONSTRUÇÃO DO CANTEIRO DA OBRA"]
[10010001,"1.00","ABRIGO PROVISÓRIO  P/ ALOJAMENTO/DEPÓSITO / ESCRITÓRIO C/ 01 PAVIMENTO","M2",{"v":40,"d":"40.00"},529.03,{"v":21161.2,"d":"21,161.20"},null,null,3.2]
[10010007,"2.00","LIGAÇÃO PROVISÓRIA DE ÁGUA E SANITÁRIO                                                  ","UN                           ",{"v":1,"d":"1.00"},{"v":1512.67,"d":"1,512.67"},{"v":1512.67,"d":"1,512.67"},{"$nulls":3},0]
[10010008,"3.00","LIGAÇÃO PROVISÓRIA DE LUZ, FORÇA, TELEFONE E LÓGICA","UN                           ",{"v":1,"d":"1.00"},{"v":1216.09,"d":"1,216.09"},{"v":1216.09,"d":"1,216.09"},null,0.62,null,0]
[10010018,"4.00","MOBILIZAÇÃO E DESMOBILIZAÇÃO  DE EQUIPAMENTOS EM CAMINHÃO EQUIPADO C/ GUINDASTE","KM                         ",{"v":10,"d":"10.00"},3.34,{"v":33.4,"d":"33.40"},null,0.62,null,0]
[10010020,"5.00","PLACA PADRÃO P/ OBRAS","M2                         ",0,{"v":105.6,"d":"105.60"},0,null,14.96,null,3]
[null,"6.00","PLACA EM AÇO GALVANIZADO C/ APLICAÇÃO EM 1 FACE EM VINIL E FUNDO C/ PINTURA EM ESMALTE SINTÉTICO PRETO FOSCO (FORNECIMENTO E MONTAGEM)","M2",36.44,306.66,{"v":11174.69,"d":"11,174.69"}]
[10010024,"7.00","TAPUME DE CHAPA DE MADEIRA COMPENSADA (6MM) - PINTURA A CAL - APROVEITAMENTO 2 X","M2",238.93,74.01,{"v":17683.21,"d":"17,683.21"}]
[{"$nulls":8},2.87,null,0]
[null,"002               SUBGRUPO:       LOCAÇÃO DA OBRA",{"$nulls":6},39.84,null,2]
[10030002,"1.00","LOCAÇÃO DA OBRA C/AUXÍLIO TOPOGRÁFICO (ÁREA > 5.000M2)                ","HÁ",0.91,318.99,290.28,null,84.2,null,0]
[{"$nulls":8},39.84,null,0]
[null,"003               SUBGRUPO:       DEMOLIÇÕES, RETIRADAS E REPOSIÇÕES",{"$nulls":6},9,null,0]
[10040018,"1.00","DEMOLIÇÃO DE PISO CIMENTADO SOBRE LASTRO DE CONCRETO C/ REMOÇÃO LATERAL                                                                                                 ","M2                    ",{"v":4934.21,"d":"4,934.21"},10.07,{"v":49687.49,"d":"49,687.49"},{"$nulls":3},0]
[10040015,"2.00","DEMOLIÇÃO DE PAVIMENTAÇÃO C/ PARALELEPÍPEDOS  C/ REMOÇÃO LATERAL                                                                                                                     ","M2                    ",{"v":4986.93,"d":"4,986.93"},3.03,{"v":15110.4,"d":"15,110.40"},{"$nulls":3},0]
[10040077,"3.00","RETIRADA DE MEIO FIO C/ REMOÇÃO LATERAL                                                 ","M                     ",{"v":2110.3,"d":"2,110.30"},3.33,{"v":7027.3,"d":"7,027.30"},{"$nulls":3},0]
[{"$nulls":8},39.84,null,0]
["002","           GRUPO:       MOVIMENTO DE TERRA",null,"TOTAL GRUPO",null,"R$",{"v":189878.1,"d":"189,878.10"},{"$nulls":3},0]
[null,"001               SUBGRUPO:       ESCAVAÇÕES EM CAMPO ABERTO",{"$nulls":8},0]
[20010012,"1.00","ESCAVAÇÃO MECANIZADA EM CAMPO ABERTO EM TERRA, EXCETO ROCHA, ATÉ 2M                                                                                                        ","M3       ",{"v":9814.21,"d":"9,814.21"},1.95,{"v":19137.71,"d":"19,137.71"},null,84.2,null,0]
[20010007,"2.00","ESCAVAÇÃO MANUAL CAMPO ABERTO EM TERRA ATÉ 2M","M3       ",523.92,17.72,{"v":9283.86,"d":"9,283.86"}]
[{"$nulls":8},39.84,null,0]
[null,"002               SUBGRUPO:       ATERRO, REATERRO E COMPACTAÇÃO",{"$nulls":6},39.84,null,2]
[null,"1.00","ATERRO C/ MISTURA DE PIÇARRA E AREIA DO MORRO, PROP. 1:1 INCL. ESPALHAM. E APILOAMENTO, C/ AQUISIÇÃO                                          ","M3                    ",0,55.41,{"$nulls":3},3.2]
[null,"2.00","ATERRO C/ PÓ DE PEDRA INCLUSIVE ESPALHAMENTO  E ADENSAMENTO (C/ AQUISIÇÃO)                                                                            ","M3                    ",0,44.12,{"$nulls":4},0]
["C0328","3.00","ATERRO C/COMPACTAÇÃO MECÂNICA E CONTROLE, MAT. DE AQUISIÇÃO","M3      ",{"v":1467.85,"d":"1,467.85"},48.99,{"v":71909.97,"d":"71,909.97"},null,0.62,null,0]
[20030021,"4.00","REATERRO C/ COMPACTAÇÃO MECÂNICA E CONTROLE,  MATERIAL DA VALA                                                                                                                      ","M3      ",964.21,9.77,{"v":9420.33,"d":"9,420.33"},null,0.62,null,0]
["C2862","5.00","LASTRO DE BRITA","M3                         ",76.86,79.13,{"v":6081.93,"d":"6,081.93"},null,14.96,null,3]
[{"$nulls":8},2.87,null,0]
[null,"003               SUBGRUPO:       CARGAS, TRANSPORTES E DESCARGA DE MATERIAL",{"$nulls":6},9,null,0]
[null,"1.00","CARGA MANUAL DE ENTULHO EM CAMINHÃO BASCULANTE                      ","M3      ",0,12.17,{"$nulls":4},0]
[20040010,"2.00","CARGA E DESCARGA MECANIZADAS DE ENTULHO EM CAMINHÃO BASCULANTE 6M3","M3      ",{"v":2547.98,"d":"2,547.98"},2.18,{"v":5554.6,"d":"5,554.60"}]
[{"$nulls":8},2.87,null,0]
[null,"004               SUBGRUPO:       CARGAS, TRANSPORTES E DESCARGA DE MATERIAL",{"$nulls":6},9,null,0]
[20040017,"1.00","TRANSPORTE DE MATERIAL EXCETO ROCHA EM CAMINHÃO BASCULANTE 12M3, DMT = 20KM                                                                       ","M3      ",{"v":2547.98,"d":"2,547.98"},26.88,{"v":68489.7,"d":"68,489.70"},{"$nulls":3},0]
[{"$nulls":8},2.87,null,0]
["003","           GRUPO:       SERVIÇOS AUXILIARES",null,"TOTAL GRUPO",null,"R$",{"v":22694.77,"d":"22,694.77"},{"$nulls":3},0]
[null,"001               SUBGRUPO:       LASTROS",{"$nulls":8},0]
[30010003,"1.00","LASTRO DE CONCRETO ESP. = 6 CM","M2                    ",244.38,30.86,{"v":7541.57,"d":"7,541.57"},null,84.2,null,0]
[{"$nulls":8},39.84,null,0]
[null,"002               SUBGRUPO:       ESCORAMENTO METÁLICO",{"$nulls":6},39.84,null,2]
[30030008,"1.00","ESCORAMENTO METÁLICO P/ GALERIA                                                              ","M2       ",{"v":430,"d":"430.00"},35.24,{"v":15153.2,"d":"15,153.20"},null,null,3.2]
[{"$nulls":8},39.84,null,0]
["004","           GRUPO:       OBRAS DE DRENAGEM",null,"TOTAL GRUPO",null,"R$",{"v":73579.67,"d":"73,579.67"},{"$nulls":3},0]
[null,"001               SUBGRUPO:       REBAIXAMENTO DO LENÇOL FREATICO",{"$nulls":8},0]
[40020002,"1.00","REBAIXAMENTO DE LENÇOL FREÁTICO EM ÁREAS (POÇOS DE VISITA) ","PT/DIA   ",{"v":1520,"d":"1,520.00"},22.87,{"v":34762.4,"d":"34,762.40"},null,84.2,null,0]
[{"$nulls":8},39.84,null,0]
[null,"002               SUBGRUPO:       OBRAS DE ARTE CORRENTE",{"$nulls":6},39.84,null,2]
["C0105","1.00","AQUISIÇÃO, ASSENT. E REJUNT. DE TUBO DE CONCRETO ARMADO D= 60cm","M                     ",{"v":60,"d":"60.00"},{"v":139.6,"d":"139.60"},{"v":8376,"d":"8,376.00"},null,null,3.2]
[40030010,"2.00","TUBO DE CONCRETO ARMADO DIAM. = 400 MM INCLUSIVE REJUNTAMENTO                                                                                                         ","M                     ",{"v":60.2,"d":"60.20"},67.87,{"v":4085.77,"d":"4,085.77"}]
[{"$nulls":8},39.84,null,0]
[null,"003               SUBGRUPO:       DRENAGEM SUB-SUPERFICIAL",{"$nulls":6},39.84,null,2]
["C4661","1.00","BARBACÃ C/ TUBO PVC ESGOTO 50 mm, INCLUSIVE GEOTÊXTIL NÃO-TECIDO 100% POLIÉSTER COM RESISTÊNCIA A TRAÇÃO LONGITUDINAL MÍNIMA DE 8 kN/m (BIDIM RT-08 OU SIMILAR) E BRITA","UN                         ",{"v":185,"d":"185.00"},3.48,{"v":643.8,"d":"643.80"},null,null,3.2]
[40040011,"2.00","DRENO CORRIDO DE AREIA GROSSA","M3",47.03,68.25,{"v":3209.8,"d":"3,209.80"},{"$nulls":3},0]
[40040012,"3.00","DRENO CORRIDO DE AREIA GROSSA  DO RIO (0,40X0,20)M (S/ ESCAVAÇÃO)","M",293.93,5.74,{"v":1687.16,"d":"1,687.16"}]
[]
[]
[null,"004               SUBGRUPO:       DRENAGEM SUPERFICIAL",{"$nulls":6},39.84,null,2]
[40050004,"1.00","CAIXA BOCA DE LOBO C/ TRILHOS, INCLUSIVE ESCAVAÇÃO, BARBACÃS E DRENO DE AREIA GROSSA                                                           ","UN                         ",{"v":7,"d":"7.00"},{"v":1739.56,"d":"1,739.56"},{"v":12176.92,"d":"12,176.92"},null,null,3.2]
[40050027,"2.00","GRELHA DE FERRO P/ CANALETAS                                                                      ","M2                         ",13.32,128.83,{"v":1716.02,"d":"1,716.02"},{"$nulls":3},0]
["73950/001","3.00","CAIXA TIPO BOCA LOBO 30X90X90CM, EM ALV TIJ MACICO 1 VEZ, REVESTIDA COM ARGAMASSA 1:4 CIMENTO:AREIA, SOBRE BASE DE CONCRETO SIMPLES FCK=10MPA, COM GRELHA FOFO 135KG, INCLUINDO ESCAVACAO E REATERRO.","UN                         ",{"v":8,"d":"8.00"},865.23,{"v":6921.84,"d":"6,921.84"}]
[{"$nulls":8},39.84,null,0]
["005","           GRUPO:       FUNDAÇÕES E ESTRUTURAS",null,"TOTAL GRUPO",null,"R$",{"v":60619.49,"d":"60,619.49"},{"$nulls":3},0]
[null,"001               SUBGRUPO:       CONCRETO",{"$nulls":8},0]
[60050010,"1.00","CONCRETO ARMADO COMPLETAMENTE  EXECUTADO 20 MPA P/ GALERIA INCLUSIVE LANÇAMENTO ","M3                       ",54.39,823.57,{"v":44793.97,"d":"44,793.97"},null,84.2,null,0]
[60050007,"2.00","CONCRETO ARMADO COMPLETAMENTE  EXECUTADO 15 MPA P/ GALERIA INCLUSIVE LANÇAMENTO                ","M3                       ",15.83,802.34,{"v":12701.04,"d":"12,701.04"}]
[null,"002              SUBGRUPO:       JUNTA DE DILATAÇÃO",{"$nulls":8},0]
[60070002,"1.00","JUNTA DE DILATAÇÃO COM FUGENBAND TIPO O-12","M",41.28,75.69,{"v":3124.48,"d":"3,124.48"}]
[]
["006","           GRUPO:       INSTALAÇÕES HIDRÁULICAS / SANITÁRIAS",null,"TOTAL GRUPO",null,"R$",{"v":16533,"d":"16,533.00"},{"$nulls":3},0]
[null,"001               SUBGRUPO:       CAIXAS DE VISITA/INSPEÇÃO",{"$nulls":8},0]
["74166/002","1.00","CAIXA DE INSPECAO EM ANEL DE CONCRETO PRE MOLDADO, COM 950MM DE ALTURA TOTAL. ANEIS COM ESP=50MM, DIAM.=600MM. EXCLUSIVE TAMPAO E ESCAVACAO- FORNECIMENTO E INSTALACAO","UN                         ",{"v":99,"d":"99.00"},{"v":167,"d":"167.00"},{"v":16533,"d":"16,533.00"}]
[{"$nulls":8},39.84,null,0]
["007","           GRUPO:       INSTALAÇÕES ELÉTRICAS",null,"TOTAL GRUPO",null,"R$",{"v":1386726.53,"d":"1,386,726.53"},{"$nulls":3},0]
[null,"001               SUBGRUPO:       ELETRODUTOS DE PVC E CONEXÕES",{"$nulls":8},0]
["73798/001","1.00","DUTO ESPIRAL FLEXIVEL SINGELO, POLIETILENO DE ALTA DENSIDADE REVESTIDO COM PVC COM FIO GUIA DE AÇO GALVANIZADO, LANÇADO DIRETO NO SOLO INCLUSIVE CONEXÕES - D = 50MM (2\") - CONSTRUÇÃO LINHA SIMPLES","M                     ",{"v":18407.52,"d":"18,407.52"},{"v":16,"d":"16.00"},{"v":294520.32,"d":"294,520.32"},null,84.2,null,0]
["C3624","2.00","DUTOS FLEXÍVEIS EM PEAD (POLIETILENO DE ALTA DENSIDADE) - D=6\", INCLUSIVE CONEXÕES","M                     ",{"v":15581.17,"d":"15,581.17"},63.77,{"v":993611.21,"d":"993,611.21"}]
[]
[null,"002               SUBGRUPO:       QUADROS ELÉTRICOS, CAIXAS E ACESSÓRIOS",{"$nulls":8},0]
[null,"1.00","CAIXA DE VISITA PRÉ-MOLDADA (45X50X55CM), ESP=7 CM, COM TAMPA DE CONCRETO E CANTONEIRA","UN                       ",{"v":750,"d":"750.00"},131.46,{"v":98595,"d":"98,595.00"}]
[{"$nulls":8},39.84,null,0]
["008","           GRUPO:       DIVERSOS",null,"TOTAL GRUPO",null,"R$",{"v":2513.12,"d":"2,513.12"},{"$nulls":3},0]
[null,"001               SUBGRUPO:       DIVERSOS",{"$nulls":8},0]
[190040010,"1.00","CORRIMAO EM TUBO ACO GALVANIZADO 2 1/2\" COM BRACADEIRA","M                            ",{"v":27.8,"d":"27.80"},{"v":90.4,"d":"90.40"},{"v":2513.12,"d":"2,513.12"},null,84.2,null,0]
[{"$nulls":8},39.84,null,0]
["009","           GRUPO:       PISOS",null,"TOTAL GRUPO",null,"R$",{"v":665872.84,"d":"665,872.84"},{"$nulls":3},0]
[null,"001               SUBGRUPO:       PISOS PARA URBANIZAÇÃO",{"$nulls":6},39.84,null,2]
[null,"1.00","COVAS 40X40cm                                                                                                       ","UN                       ",{"v":86,"d":"86.00"},{"v":9.8,"d":"9.80"},{"v":842.8,"d":"842.80"},null,null,3.2]
[null,"2.00","COVAS 80X80cm","UN                       ",{"v":114,"d":"114.00"},{"v":19.6,"d":"19.60"},{"v":2234.4,"d":"2,234.40"},{"$nulls":3},0]
[140030035,"3.00","PISO EM PEDRA PORTUGUESA COLORIDA","M2                         ",0,52.36,0,null,0.62,null,0]
[140030034,"4.00","PISO EM PEDRA PORTUGUESA BRANCA","M2                       ",0,45.21,0,null,0.62,null,0]
[null,"5.00","PISO EM GRANITO BRANCO","M2                         ",0,285.02,0,null,14.96,null,3]
[null,"6.00","PISO EM CONCRETO PRÉ-MOLDADO PRENSADO - 40X40 CM","M2                    ",0,118.98,0,null,null,3.2]
[140030044,"7.00","PISO TÁTIL DE ALERTA EM PLACAS PRE-MOLDADAS 5MPA","M2                         ",52.62,50.16,{"v":2639.42,"d":"2,639.42"},{"$nulls":3},0]
[140030046,"8.00","PISO TÁTIL DE DIRECIONAL EM PLACAS PRE-MOLDADAS 5MPA ","M2",649.94,50.16,{"v":32600.99,"d":"32,600.99"},null,0.62,null,0]
[140010045,"9.00","PISO EM PLACA DRENANTE TIPO MEGADRENO (40 X 40) ESP.=5 CM","M2                       ",0,114.35,0,null,0.62,null,0]
[180050009,"10.00","PAVIMENTAÇÃO EM PARALELEPÍPEDO  REJUNTADO C/ARGAMASSA DE CIMENTO E AREIA GROSSA TRAÇO 1:3","M2                    ",21.63,46.94,{"v":1015.31,"d":"1,015.31"},null,14.96,null,3]
[null,"11.00","PAVIMENTAÇÃO EM PARALELEPIPEDO  10X10 COM ASSENTAMENTO RADIAL ","M2",{"v":1423.5,"d":"1,423.50"},38.55,{"v":54875.93,"d":"54,875.93"},null,14.96,null,3]
[null,"12.00","PISO DRENANTE (40X40X5)CM COM PERMEABILIDADE MIN. DE 90% COM RESISTÊNCIA A TRAÇÃO DE 3,4 Mpa.","M2",598.78,90.05,{"v":53920.14,"d":"53,920.14"}]
[null,"13.00","PISO EM CONCRETO PRÉ-MOLDADO (40X40X1,5)CM PARA ALTO TRÁFEGO COM RESISTÊNCIA A TRAÇÃO DE 5Mpa E A COMPRESSÃO DE 30Mpa, ACABAMENTO ESCOVADO COM GRANILHAS APARENTES COM REJUNTAMENTO","M2",{"v":4351.52,"d":"4,351.52"},118.98,{"v":517743.85,"d":"517,743.85"}]
[null,null,"                                                                                                                        ",{"$nulls":5},39.84,null,0]
["010","           GRUPO:       PAVIMENTAÇÃO DO SISTEMA VIÁRIO",null,"TOTAL GRUPO",null,"R$",{"v":63094.26,"d":"63,094.26"},{"$nulls":3},0]
[null,"001               SUBGRUPO:      REVESTIMENTOS DE PEDRA",{"$nulls":6},39.84,null,2]
[40050030,"1.00","MEIO FIO DE PEDRA GRANÍTICA INCLUSIVE REJUNTAMENTO","M                     ",{"v":459.2,"d":"459.20"},{"v":23.6,"d":"23.60"},{"v":10837.12,"d":"10,837.12"},null,null,3.2]
[140030013,"2.00","BANQUETA/ MEIO FIO DE CONCRETO P/ VIAS URBANAS (1,00x0,35x0,15m)","M",{"v":92.7,"d":"92.70"},28.54,{"v":2645.66,"d":"2,645.66"}]
[{"$nulls":6},0,null,39.84,null,0]
[null,"002               SUBGRUPO:       CONSERVAÇÃO DO SISTEMA VIÁRIO\n",{"$nulls":4},0,null,39.84,null,2]
[180060004,"1.00","RECOMPOSIÇÃO  DE MEIO FIO EM PEDRA GRANÍTICA                                      ","M        ",{"v":1792.29,"d":"1,792.29"},7.16,{"v":12832.8,"d":"12,832.80"},null,null,3.2]
[180060011,"2.00","REFORMA DE PAVIMENTAÇÃO EM PARALELEPIPEDOS   S/ AQUISIÇÃO DE PARALELEPÍPEDO                                                                                              ","M2                         ",{"v":3231.87,"d":"3,231.87"},11.38,{"v":36778.68,"d":"36,778.68"},{"$nulls":3},0]
[{"$nulls":8},39.84,null,0]
["011","           GRUPO:       URBANIZAÇÃO E PAISAGISMO",null,"TOTAL GRUPO",null,"R$",{"v":95684.12,"d":"95,684.12"},{"$nulls":3},0]
[null,"001               SUBGRUPO:      PROTEÇÃO AMBIENTAL",{"$nulls":6},39.84,null,2]
[200040010,"1.00","LIMPEZA DE GALERIA DE MEIA A PLENA SEÇÃO, GALERIA ACIMA DE 0,50M²   ","M3      ",286.73,23.29,{"v":6677.94,"d":"6,677.94"},null,null,3.2]
[null,null,"                                                                                                                       ",{"$nulls":3},0,null,39.84,null,0]
[null,"002               SUBGRUPO:       EQUIPAMENTOS DE URBANIZAÇÃO",{"$nulls":4},0,null,39.84,null,2]
[200010021,"1.00","LIXEIRA PRÉ-MOLDADO EM MANILHA POROSA DIAM. = 40 CM E ALT. = 50 CM","UN                         ",{"v":65,"d":"65.00"},{"v":27.7,"d":"27.70"},{"v":1800.5,"d":"1,800.50"},null,null,3.2]
[200010015,"2.00","BICICLETÁRIO INDIVIDUAL DE CONCRETO ARMADO                                       ","UN      ",{"v":9,"d":"9.00"},120.93,{"v":1088.37,"d":"1,088.37"},{"$nulls":3},0]
[200010003,"3.00","BALIZADOR DE MADEIRA EUCALÍPTO D=25CM C/ CHAPA GALVANIZADA Nº 14                                                                                                ","UN       ",{"v":311,"d":"311.00"},143.14,{"v":44516.54,"d":"44,516.54"},null,null,3.2]
[200010004,"4.00","BANCO C/ ASSENTO DE MASSARANDUBA  E PÉS DE GRANITO CINZA ESP.=20CM C=2,40M,S/ENCOSTO-PADRÃO BEIRA MAR                                  ","UN       ",{"v":7,"d":"7.00"},979.64,{"v":6857.48,"d":"6,857.48"},{"$nulls":3},0]
[{"$nulls":6},0,null,39.84,null,0]
[null,"003               SUBGRUPO:       PAISAGISMO\n",{"$nulls":4},0,{"$nulls":3},0]
[null,"1.00","PLANTIO DE ÁRVORE Cassia Seamea,  POPULAR ACACIA HM > 2,70 M        ","UN      ",{"v":9,"d":"9.00"},{"v":97.9,"d":"97.90"},{"v":881.1,"d":"881.10"},null,null,3.2]
[null,"2.00","PLANTIO DE ÁRVORE Jacaranda Mimoseifoilia, POPULAR JACARANDA MIMOSOHM > 2,70 M                                                                                                ","UN      ",{"v":3,"d":"3.00"},{"v":87.9,"d":"87.90"},{"v":263.7,"d":"263.70"},{"$nulls":3},0]
[null,"3.00","PLANTIO DE ÁRVORE Lecythis Pinsonis, POPULAR SAPUCAIA COM HM > 2,70 M                                                                                                                      ","UN      ",{"v":6,"d":"6.00"},{"v":101.9,"d":"101.90"},{"v":611.4,"d":"611.40"},null,null,3.2]
[null,"4.00","PLANTIO DE ÁRVORE Tecoma stains , POPULAR IPÊ DE SALÃO COM HM > 2,70 M","UN       ",{"v":116,"d":"116.00"},{"v":91.9,"d":"91.90"},{"v":10660.4,"d":"10,660.40"},{"$nulls":3},0]
[null,"5.00","PLANTIO DE ÁRVORE Erythrina indica picta, POPULAR BRASILEIRINHO COM HM > 2,70 M","UN      ",0,114.88,0,null,null,3.2]
[null,"6.00","PLANTIO DE ÁRVORE Lagaerstroemia indica, POPULAR RESEDA ROSA BARRA LISAS COM HM > 2,70 M","UN     ",{"v":53,"d":"53.00"},{"v":101.9,"d":"101.90"},{"v":5400.7,"d":"5,400.70"},{"$nulls":3},0]
[null,"7.00","PLANTIO DE ÁRVORE Syzigiummalaccensis  , POPULAR JAMBO VERMELHO COM HM > 2,70 M","UN      ",{"v":46,"d":"46.00"},{"v":302.9,"d":"302.90"},{"v":13933.4,"d":"13,933.40"},{"$nulls":3},0]
[null,"8.00","PLANTIO DE ÁRVORE Tabebuia caraiba, POPULAR IPÊ AMARELO COM HM > 2,70 M","UN    ",{"v":31,"d":"31.00"},{"v":87.9,"d":"87.90"},{"v":2724.9,"d":"2,724.90"},null,39.84,null,0]
[null,"9.00","PLANTIO DE ÁRVORE Tabebuia impetiginosa, POPULAR IPÊ ROXO COM HM > 2,70 M         ","UN    ",{"v":1,"d":"1.00"},{"v":87.9,"d":"87.90"},{"v":87.9,"d":"87.90"},null,39.84,null,2]
[null,"10.00","PLANTIO DE ÁRVORE Terminalia catapa, POPULAR CASTANHOLA COM HM > 2,70 M","UN    ",{"v":1,"d":"1.00"},{"v":91.9,"d":"91.90"},{"v":91.9,"d":"91.90"}]
[null,"11.00","PLANTIO DE ÁRVORA Delonix regia, POPULAR FLAMBOYANT COM HM > 2,70 M","UN    ",{"v":1,"d":"1.00"},{"v":87.9,"d":"87.90"},{"v":87.9,"d":"87.90"}]
[null,null,"                                                                                                       "]
["TOTAL ",{"$nulls":4},{"v":2702092.63,"d":"2,702,092.63"},{"$nulls":4},0]
["BONIFICAÇÃO - BDI - 20%",{"$nulls":4},{"v":540418.53,"d":"540,418.53"}]
["TOTAL GERAL",{"$nulls":4},{"v":3242511.16,"d":"3,242,511.16"}]
[]
["IMPORTA O PRESENTE ORÇAMENTO EM R$ 3.242.511,16 (TRÊS MILHÕES DUZENTOS E QUARENTA E DOIS MIL, QUINHENTOS E ONZE REAIS E DEZESSEIS CENTAVOS)"]
[{"$nulls":8},560,null,3]
[]
[{"$nulls":8},39.84,null,2]
[{"$nulls":9},3.2]

{"sheet":"CRONOGRAMA","index":1,"n_rows":41,"n_cols":12,"rows_kept":41,"merged":[[5,0,5,11],[6,0,6,11],[7,0,7,11],[11,0,11,11],[12,0,12,11],[13,0,14,0],[13,1,14,1],[13,2,14,2],[13,3,14,3],[13,4,13,5],[13,6,13,7],[13,8,13,9],[13,10,13,11],[38,0,38,1],[39,0,39,1],[40,0,40,1]],"flags":["formulas_cached_only"]}
[]
[]
[]
[]
[]
["ANEXO III"]
["OBRA: REFORMA DE VIAS E PASSEIOS DA PRAIA DE IRACEMA"]
["LOCALIZAÇÃO: PRAIA IRACEMA BAIRRO:PRAIA IRACEMA"]
[{"$nulls":10},"2014-02-12"]
[]
[]
["CRONOGRAMA FISICO FINANCEIRO"]
[]
["ITEM ","DISCRIMINAÇÃO","TOTAL EM R$"," %","30 DIAS",null," 60 DIAS",null," 90 DIAS",null," 120 DIAS"]
[{"$nulls":4},"VALOR "," % ","VALOR"," % ","VALOR"," % ","VALOR"," % "]
[]
["01","SERVIÇOS PRELIMINARES",{"v":124896.73,"d":"124,896.73"},{"v":0.0462,"d":"4.62%"},{"v":124896.73,"d":"124,896.73"},{"v":1,"d":"100%"},{"v":0,"d":"0.00"},{"v":0,"d":"0%"},{"v":0,"d":"0.00"},{"v":0,"d":"0%"},{"v":0,"d":"0.00"},{"v":0,"d":"0%"}]
[]
["02","MOVIMENTO DE TERRA",{"v":189878.1,"d":"189,878.10"},{"v":0.0703,"d":"7.03%"},{"v":93040.27,"d":"93,040.27"},{"v":0.49,"d":"49%"},{"v":96837.83,"d":"96,837.83"},{"v":0.51,"d":"51%"},{"v":0,"d":"0.00"},{"v":0,"d":"0%"},{"v":0,"d":"0.00"},{"v":0,"d":"0%"}]
[]
["03","SERVIÇOS AUXILIARES",{"v":22694.77,"d":"22,694.77"},{"v":0.0084,"d":"0.84%"},{"v":0,"d":"0.00"},{"v":0,"d":"0%"},{"v":11347.39,"d":"11,347.39"},{"v":0.5,"d":"50%"},{"v":11347.39,"d":"11,347.39"},{"v":0.5,"d":"50%"},{"v":0,"d":"0.00"},{"v":0,"d":"0%"}]
[]
["04","OBRAS DE DRENAGEM",{"v":73579.67,"d":"73,579.67"},{"v":0.0272,"d":"2.72%"},{"v":11036.95,"d":"11,036.95"},{"v":0.15,"d":"15%"},{"v":33110.85,"d":"33,110.85"},{"v":0.45,"d":"45%"},{"v":29431.87,"d":"29,431.87"},{"v":0.4,"d":"40%"},{"v":0,"d":"0.00"},{"v":0,"d":"0%"}]
[]
["05","FUNDAÇÕES E ESTRUTURAS",{"v":60619.49,"d":"60,619.49"},{"v":0.0224,"d":"2.24%"},{"v":0,"d":"0.00"},{"v":0,"d":"0%"},{"v":12123.9,"d":"12,123.90"},{"v":0.2,"d":"20%"},{"v":30309.75,"d":"30,309.75"},{"v":0.5,"d":"50%"},{"v":18185.85,"d":"18,185.85"},{"v":0.3,"d":"30%"}]
[]
["06","INSTALAÇÕES HIDRÁULICAS / SANITÁRIAS",{"v":16533,"d":"16,533.00"},{"v":0.0061,"d":"0.61%"},{"v":0,"d":"0.00"},{"v":0,"d":"0%"},{"v":8266.5,"d":"8,266.50"},{"v":0.5,"d":"50%"},{"v":8266.5,"d":"8,266.50"},{"v":0.5,"d":"50%"}]
[]
["07","INSTALAÇÕES ELÉTRICAS",{"v":1386726.53,"d":"1,386,726.53"},{"v":0.5132,"d":"51.32%"},{"v":0,"d":"0.00"},{"v":0,"d":"0%"},{"v":277345.31,"d":"277,345.31"},{"v":0.2,"d":"20%"},{"v":693363.27,"d":"693,363.27"},{"v":0.5,"d":"50%"},{"v":416017.96,"d":"416,017.96"},{"v":0.3,"d":"30%"}]
[]
["08","DIVERSOS",2513.12,{"v":0.0009,"d":"0.09%"},{"v":0,"d":"0.00"},{"v":0,"d":"0%"},{"v":0,"d":"0.00"},{"v":0,"d":"0%"},{"v":0,"d":"0.00"},{"v":0,"d":"0%"},{"v":2513.12,"d":"2,513.12"},{"v":1,"d":"100%"}]
[]
["09","PISOS",{"v":665872.84,"d":"665,872.84"},{"v":0.2464,"d":"24.64%"},{"v":0,"d":"0.00"},{"v":0,"d":"0%"},{"v":266349.14,"d":"266,349.14"},{"v":0.4,"d":"40%"},{"v":266349.14,"d":"266,349.14"},{"v":0.4,"d":"40%"},{"v":133174.57,"d":"133,174.57"},{"v":0.2,"d":"20%"}]
[]
["10","PAVIMENTAÇÃO DO SISTEMA VIÁRIO",{"v":63094.26,"d":"63,094.26"},{"v":0.0234,"d":"2.34%"},{"v":0,"d":"0.00"},{"v":0,"d":"0%"},{"v":18928.28,"d":"18,928.28"},{"v":0.3,"d":"30%"},{"v":37856.56,"d":"37,856.56"},{"v":0.6,"d":"60%"},{"v":6309.43,"d":"6,309.43"},{"v":0.1,"d":"10%"}]
[]
[11,"URBANIZAÇÃO E PAISAGISMO",{"v":95684.12,"d":"95,684.12"},{"v":0.0354,"d":"3.54%"},{"v":0,"d":"0.00"},{"v":0,"d":"0%"},{"v":0,"d":"0.00"},{"v":0,"d":"0%"},{"v":47842.06,"d":"47,842.06"},{"v":0.5,"d":"50%"},{"v":47842.06,"d":"47,842.06"},{"v":0.5,"d":"50%"}]
[]
["SUBTOTAL",null,{"v":2702092.63,"d":"2,702,092.63"},{"v":1,"d":"100.00%"},{"v":228973.95,"d":"228,973.95"},{"v":0.0847,"d":"8.47%"},{"v":724309.2,"d":"724,309.20"},{"v":0.2681,"d":"26.81%"},{"v":1124766.54,"d":"1,124,766.54"},{"v":0.4163,"d":"41.63%"},{"v":624042.99,"d":"624,042.99"},{"v":0.2309,"d":"23.09%"}]
["BDI 20%",null,{"v":540418.53,"d":"540,418.53"}]
["TOTAL GERAL",null,{"v":3242511.16,"d":"3,242,511.16"},{"v":1,"d":"100.00%"},{"v":228973.95,"d":"228,973.95"},{"v":0.0847,"d":"8.47%"},{"v":953283.15,"d":"953,283.15"},{"v":0.3528,"d":"35.28%"},{"v":2078049.69,"d":"2,078,049.69"},{"v":0.7691,"d":"76.91%"},{"v":2702092.68,"d":"2,702,092.68"},{"v":1,"d":"100.00%"}]

{"sheet":"SUBESTAÇÃO","index":2,"n_rows":17,"n_cols":6,"rows_kept":17,"merged":[[0,0,0,5],[1,0,1,4],[2,0,2,5],[4,0,4,5],[8,0,8,4],[9,0,9,5],[11,0,11,4],[12,0,12,5],[13,0,13,4],[14,0,14,4],[15,0,15,4],[16,0,16,4]],"flags":["formulas_cached_only"]}
["C4245 - SUBESTAÇÃO AÉREA DE 150 KVA / 13.800-380/220V COM QUADRO DE MEDIÇÃO E PROTEÇÃO GERAL"]
["Preço Adotado: 16.032,60",{"$nulls":4},"Unid: UN"]
[]
["Código","Descrição","Unidade","Coeficiente","Preço","Total"]
["MAO DE OBRA"]
[6113,"AJUDANTE DE ELETRICISTA","H",90,7.09,638.1]
["I1088","MONTADOR","H",90,13.14,1182.6]
[2436,"ELETRICISTA","H",90,9.83,884.7]
["TOTAL MAO DE OBRA",{"$nulls":4},2705.4]
["MATERIAIS"]
["I8120","MATERIAIS E ACESSÓRIOS PARA SUBESTAÇÃO AÉREA DE 150 KVA / 13.800-380/220V COM QUADRO DE MEDIÇÃO E PROTEÇÃO GERAL","UN",1,13110.52,13110.52]
["TOTAL MATERIAIS",{"$nulls":4},13110.52]
[]
["Total Simples",{"$nulls":4},15815.92]
["Encargos"]
["BDI"]
["TOTAL GERAL",{"$nulls":4},15815.92]

{"sheet":"Plan2","index":3,"n_rows":17,"n_cols":6,"rows_kept":17,"merged":[[0,0,0,5],[1,0,1,4],[2,0,2,5],[4,0,4,5],[7,0,7,4],[8,0,8,5],[11,0,11,4],[12,0,12,5],[13,0,13,4],[14,0,14,4],[15,0,15,4],[16,0,16,4]],"flags":["formulas_cached_only"]}
["C4100 - LUMINÁRIA CILÍNDRICA DE EMBUTIR COM ANEL DE ARREMATE EM ALUMÍNIO ANODIZADO E PINTADO POR PROCESSO ELETROSTÁTICO COM REFLETOR EM ALUMÍNIO ANODIZADO ALTO BRILHO COM CONTROLE ANTIOFUSCAMENTO PARA LÂMPADA FLUORESCENTE COMPACTA DE 23W"]
["Preço Adotado: 115,65",{"$nulls":4},"Unid: UN"]
[]
["Código","Descrição","Unidade","Coeficiente","Preço","Total"]
["MAO DE OBRA"]
[6113,"AJUDANTE DE ELETRICISTA","H",1.5,7.09,10.635]
[2436,"ELETRICISTA","H",1.5,9.83,14.745]
["TOTAL MAO DE OBRA",{"$nulls":4},25.38]
["MATERIAIS"]
["I7921","LUMINÁRIA CILÍNDRICA DE EMBUTIR COM ANEL DE ARREMATE EM ALUMÍNIO ANODIZADO E PINTADO POR PROCESSO ELETROSTÁTICO COM REFLETOR EM ALUMÍNIO ANODIZADO ALTO BRILHO COM CONTROLE ANTIOFUSCAMENTO PARA LÂMPADA FLUORESCENTE COMPACTA DE 23W","UN",1,86.18,86.18]
["I1468","LÂMPADA FLURESCENTE PL - 18W","UN",1,{"v":14.08,"d":"14.08         "},14.08]
["TOTAL MATERIAIS",{"$nulls":4},100.26]
[]
["Total Simples",{"$nulls":4},125.64]
["Encargos"]
["BDI",{"$nulls":4},0]
["TOTAL GERAL",{"$nulls":4},125.64]